000 00536nam a2200193Ia 4500
005 20250326141719.0
008 250326s9999 xx 000 0 und d
020 _a0-335-09332-9
037 _aTextbook
040 _aFMSL
_beng
_cFMSL
041 _aeng
_2eng
084 _aT9(Y4).56 N0
_qFMSL
100 _aGleeson Denis
_9266567
245 0 _aTraining and its alternatives
_cGleeson Denis
260 _aUSA
_bUSA, Open University
_c1990
300 _a251p
942 _cTB
_hT9(Y4).56 N0
999 _c1291623
_d1291623